[Event "XXIV ProAm Copa Clarin 2017"]
[Site "Villa Martelli"]
[Date "2017.10.02"]
[Round "3"]
[White "Mareco, Sandro"]
[Black "Della Morte, German"]
[Result "1-0"]
[WhiteElo "2644"]
[BlackElo "2362"]
[Annotator "TA"]
[PlyCount "49"]
[EventDate "2017.??.??"]
[EventType "swiss"]
[EventCountry "ARG"]
[SourceTitle "playchess.com"]
[Source "ChessBase"]
[SourceQuality "1"]

{[%evp 17,49,-69,-49,-55,-68,-55,-56,-33,-60,-47,-60,-63,0,-37,27,39,42,42,68,27,189,178,238,232,218,294,283,294,299,274,991,966,943,914]} 1. Nf3 Nf6 2. c4 e6 3. d4 d5 4. Nc3 Be7 5. g3 O-O 6. Bg2 dxc4 7. O-O Nc6 8. e4 a6 9. a4 Rb8 {LiveBook: 7 Games} 10. Qe2 {E04: Open Catalan: 5 Nf3} Nxd4 $146 ({Predecessor:} 10... b5 11. axb5 axb5 12. Rd1 Nb4 13. Ne5 Nd7 14. Qg4 Kh8 15. Bf4 Nxe5 16. dxe5 Nd3 17. Bf1 b4 {0-1 (33) Cherednichenko,D (2302)-Zontakh,A (2522) Voronezh 2017}) 11. Nxd4 Qxd4 12. Rd1 {Black is slightly better.} Qc5 13. e5 Nd7 14. Bf4 Re8 (14... Qa5 $15) 15. h4 Nf8 (15... Qa5 $15) 16. Ne4 $11 Qa5 17. h5 {[%mdl 1024] White has compensation.} Bd7 18. Qg4 ({Much worse is} 18. Qxc4 Bc6 $15) 18... Bc6 $2 {[#]} (18... g6 $11 {and Black stays safe.}) 19. Bd2 $1 $18 Qb6 (19... Qxe5 {was called for.} 20. Bc3 f5) 20. Nf6+ $1 $40 {[%mdl 128] White wants a kill.} Bxf6 21. exf6 {[%csl Gf6][%cal Rg4g7]} g6 {[#] ...Bxg2 is the strong threat.} 22. Qf4 $1 {[%cal Rf4h6] White wants to mate with Qh6.} Nd7 {White must now prevent ...Bxg2.} ({Not} 22... Qxb2 $2 23. Rab1 $18) 23. hxg6 Qxb2 $2 (23... hxg6 24. Bc3 e5 25. Qxc4 Nxf6) 24. gxf7+ Kxf7 25. Bxc6 {Precision: White = 79%, Black = 27%.} 1-0

[Event "XXIV ProAm Copa Clarin 2017"]
[Site "Villa Martelli"]
[Date "2017.10.02"]
[Round "3"]
[White "Flores, Diego"]
[Black "Sanhueza, Cristian"]
[Result "1-0"]
[WhiteElo "2574"]
[BlackElo "2263"]
[Annotator "TA"]
[PlyCount "71"]
[EventDate "2017.??.??"]
[EventType "swiss"]
[EventCountry "ARG"]
[SourceTitle "playchess.com"]
[Source "ChessBase"]
[SourceQuality "1"]

{[%evp 20,71,48,38,68,68,68,68,68,68,80,76,76,69,79,69,63,47,62,47,77,70,71,75,74,47,47,47,58,52,52,46,47,32,32,33,37,37,66,43,141,137,305,305,332,319,292,287,284,279,248,235,345,366]} 1. Nf3 Nf6 2. g3 g6 3. b3 Bg7 4. Bb2 O-O 5. Bg2 d6 6. d4 e5 7. dxe5 Ng4 8. h3 Nxe5 9. Nxe5 dxe5 10. Qxd8 Rxd8 11. Nd2 {[%cal Bb1d2,Bd2e4,Be4c5][%mdl 32]} Nc6 {A49: 1 d4 Nf6 2 Nf3 g6 3 g3: Anti-King's Indian systems} (11... c6 12. O-O-O Be6 13. Nc4 Rxd1+ 14. Rxd1 Nd7 15. Nd6 Rb8 16. c4 f5 17. Kc2 e4 18. Bxg7 Kxg7 19. f3 exf3 20. exf3 {½-½ (31) Burmakin,V (2579)-Socko,B (2617) Lisbon 2014}) 12. O-O-O Be6 13. Ne4 Rxd1+ {White is slightly better.} 14. Rxd1 Rd8 15. Nc5 Bc8 16. Bxc6 Rxd1+ 17. Kxd1 bxc6 $16 {[%mdl 4096] Endgame KBB-KBN} 18. g4 $146 ({Predecessor:} 18. h4 f5 19. c4 {1-0 (78) Vukic,M (2471)-Sekulic,D (2212) Smederevska Palanka 2016}) 18... f6 19. e4 Kf7 20. Ke2 Bf8 21. Nd3 h5 {[#]} 22. g5 $1 {[%mdl 512]} fxg5 23. Nxe5+ Ke8 24. Nxg6 {Bc1 is the strong threat.} Bxh3 25. Nxf8 Kxf8 $14 {KB-KB} 26. f3 {[%cal Bf2f3,Bf3f4,Bf4f5][%mdl 32]} Ke7 27. Be5 Bg2 28. Kf2 Bh1 29. Ke3 Kd7 (29... Bg2 $14) 30. Bf6 $16 g4 $2 {[#]} (30... h4 $16 31. Bxg5 h3) 31. f4 $1 $18 ({Less strong is} 31. fxg4 hxg4 32. c4 c5 $14) 31... Bf3 32. Bh4 Bd1 33. c3 Bc2 34. f5 Bb1 {[#]} 35. a3 $1 c5 (35... a5 $142 36. Kf4 Bc2) 36. Kf4 {Precision: White = 82%, Black = 60%.} 1-0

[Event "XXIV ProAm Copa Clarin 2017"]
[Site "Villa Martelli"]
[Date "2017.10.02"]
[Round "3"]
[White "Slipak, Sergio"]
[Black "Cimer, Emanuel"]
[Result "1-0"]
[WhiteElo "2437"]
[BlackElo "2237"]
[Annotator "TA"]
[PlyCount "43"]
[EventDate "2017.??.??"]
[EventType "swiss"]
[EventCountry "ARG"]
[SourceTitle "playchess.com"]
[Source "ChessBase"]
[SourceQuality "1"]

{[%evp 18,43,15,11,31,35,86,81,91,67,159,169,169,178,180,179,338,335,329,331,351,354,859,847,834,832,1951,1856]} 1. d4 Nf6 2. c3 g6 3. Bg5 Bg7 4. Nd2 d5 5. e3 O-O 6. Bd3 Nbd7 7. f4 c5 8. Ngf3 b6 9. O-O Bb7 10. Ne5 Rc8 {D03: 1 d4 d5 2 Nf3 Nf6 3 Bg5, including Torre Attack with early ...d5} 11. Qf3 Ne8 (11... h6 $14 12. Bh4 Qc7) 12. Qh3 $16 Rc7 $146 {White is better.} ({Predecessor:} 12... f5 13. g4 Nd6 14. Ndf3 Nxe5 15. fxe5 Ne4 16. Bf4 Qd7 17. e6 Qc6 18. Rad1 fxg4 19. Qxg4 {1-0 (31) Arencibia Rodriguez,W (2445)-Mithrakanth,P (2320) Kolkata 1988}) 13. Ng4 Bc8 {[#]} ({Black should play} 13... f5 $14) 14. f5 $1 Ndf6 15. Nh6+ Bxh6 16. Qxh6 $40 {[%mdl 128] White wants a kill.} ({Resist} 16. Bxh6 Ng7 $16) 16... Ng7 $2 {[#]} (16... Nd6 {was worth a try.}) 17. Bxf6 $1 $18 ({Less strong is} 17. fxg6 fxg6 18. Bf4 Rc6 $16) 17... exf6 18. g4 {[%cal Bg2g4,Bg4h5][%mdl 32]} ({Stronger than} 18. fxg6 fxg6 19. Qh4 Bf5 $11) 18... Qd6 19. Rf3 {[%cal Bf1f3,Bf3h3,Bh3g3][%mdl 32]} Re7 $2 (19... Ne6 20. fxe6 fxe6) 20. Rh3 {[%csl Gh3][%cal Rh6h7] White is clearly winning.} Nh5 21. gxh5 g5 22. Rg3 {Precision: White = 100%, Black = 18%.} 1-0

[Event "XXIV ProAm Copa Clarin 2017"]
[Site "Villa Martelli"]
[Date "2017.10.02"]
[Round "3"]
[White "De Dovitiis, Alejo"]
[Black "Valli, Americo"]
[Result "1-0"]
[WhiteElo "2338"]
[BlackElo "1981"]
[Annotator "ChessBase"]
[PlyCount "111"]
[EventDate "2017.??.??"]
[EventType "swiss"]
[EventCountry "ARG"]
[SourceTitle "playchess.com"]
[Source "ChessBase"]
[SourceQuality "1"]
[TimeControl "5400+30"]

1. f4 {[%emt 0:04:20]} Nf6 {[%emt 0:00:19]} 2. Nf3 {[%emt 0:00:06]} g6 {[%emt 0:00:26]} 3. b3 {[%emt 0:00:27]} Bg7 {[%emt 0:00:25]} 4. Bb2 {[%emt 0:00:05]} O-O {[%emt 0:00:15]} 5. g3 {[%emt 0:00:44]} d6 {[%emt 0:00:37]} 6. Bg2 {[%emt 0:00:35]} Nc6 {[%emt 0:01:16]} 7. d4 {[%emt 0:02:25]} Bf5 {[%emt 0:07:22]} 8. O-O {[%emt 0:05:05]} Nb4 {[%emt 0:11:58]} 9. Na3 {[%emt 0:02:57]} Nbd5 {[%emt 0:00:47]} 10. Qc1 {[%emt 0:02:22]} Be4 {[%emt 0:06:58]} 11. c4 {[%emt 0:03:10]} Nb4 {[%emt 0:01:37]} 12. Qd2 {[%emt 0:00:34]} c5 {[%emt 0:03:11]} 13. Nb5 {[%emt 0:07:45]} Nc2 {[%emt 0:06:57]} 14. Rac1 {[%emt 0:01:21]} Nxd4 {[%emt 0:00:20]} 15. Nbxd4 {[%emt 0:00:46]} cxd4 {[%emt 0:00:51]} 16. Bxd4 {[%emt 0:00:43]} Bc6 {[%emt 0:02:46]} 17. Qb2 {[%emt 0:01:57]} Ne8 {[%emt 0:05:52]} 18. Rfd1 {[%emt 0:06:22]} Bxd4+ {[%emt 0:01:56]} 19. Qxd4 {[%emt 0:00:18]} Ng7 {[%emt 0:02:30]} 20. e4 {[%emt 0:00:46]} Ne6 {[%emt 0:01:28]} 21. Qe3 {[%emt 0:00:25]} Qb6 {[%emt 0:01:42]} 22. Nd4 {[%emt 0:02:54]} a5 {[%emt 0:08:46]} 23. Rc3 {[%emt 0:05:55]} Nxd4 {[%emt 0:00:20]} 24. Qxd4 {[%emt 0:02:02]} Qxd4+ {[%emt 0:01:12]} 25. Rxd4 {[%emt 0:00:05]} Rfc8 {[%emt 0:06:43]} 26. Re3 Kf8 {[%emt 0:01:35]} 27. e5 {[%emt 0:03:39]} dxe5 {[%emt 0:06:16]} 28. Rxe5 {[%emt 0:00:11]} f6 {[%emt 0:00:31]} 29. Re2 {[%emt 0:03:02]} Bxg2 {[%emt 0:02:34]} 30. Kxg2 {[%emt 0:00:06]} Rd8 {[%emt 0:00:53]} 31. Rde4 {[%emt 0:02:39]} Rd7 {[%emt 0:00:21]} 32. g4 {[%emt 0:00:13]} Ra6 {[%emt 0:01:15]} 33. f5 {[%emt 0:03:26]} Rad6 {[%emt 0:00:23]} 34. Rf2 {[%emt 0:10:14]} Rd4 {[%emt 0:02:29]} 35. Kf3 {[%emt 0:00:20]} Rd3+ {[%emt 0:00:30]} 36. Re3 {[%emt 0:00:33]} h5 {[%emt 0:01:18]} 37. Rxd3 {[%emt 0:05:01]} Rxd3+ {[%emt 0:00:07]} 38. Ke4 {[%emt 0:00:04]} Rd8 {[%emt 0:01:21]} 39. fxg6 {[%emt 0:01:29]} hxg4 {[%emt 0:00:22]} 40. Kf5 {[%emt 0:00:50]} Kg7 {[%emt 0:06:19]} 41. Ke6 {[%emt 0:01:01]} Rd6+ {[%emt 0:00:36]} 42. Kxe7 {[%emt 0:00:26]} Rb6 {[%emt 0:00:37]} 43. Rf4 {[%emt 0:02:46]} Kxg6 {[%emt 0:00:39]} 44. Rxg4+ {[%emt 0:00:22]} Kf5 {[%emt 0:00:11]} 45. Rg2 {[%emt 0:02:02]} a4 {[%emt 0:00:57]} 46. Rf2+ {[%emt 0:01:30]} Ke5 {[%emt 0:01:29]} 47. Re2+ {[%emt 0:08:37]} Kf5 {[%emt 0:00:15]} 48. c5 {[%emt 0:01:49]} Rc6 {[%emt 0:01:49]} 49. b4 {[%emt 0:00:47]} Rc7+ {[%emt 0:01:27]} 50. Kd6 {[%emt 0:01:00]} Rc6+ {[%emt 0:00:47]} 51. Kd5 {[%emt 0:00:11]} Rc8 {[%emt 0:03:01]} 52. Rf2+ {[%emt 0:02:38]} Kg6 {[%emt 0:00:11]} 53. b5 {[%emt 0:00:13]} Kf7 {[%emt 0:00:10]} 54. Kd6 {[%emt 0:00:42]} Rd8+ {[%emt 0:01:14]} 55. Kc7 {[%emt 0:00:05]} Rd5 {[%emt 0:00:03]} 56. Rc2 {[%emt 0:00:16]} 1-0

[Event "XXIV ProAm Copa Clarin 2017"]
[Site "Villa Martelli"]
[Date "2017.10.02"]
[Round "3"]
[White "Llanos, Guillermo"]
[Black "Perez Ponsa, Federico"]
[Result "1/2-1/2"]
[WhiteElo "2294"]
[BlackElo "2594"]
[Annotator "TA"]
[PlyCount "104"]
[EventDate "2017.??.??"]
[EventType "swiss"]
[EventCountry "ARG"]
[SourceTitle "playchess.com"]
[Source "ChessBase"]
[SourceQuality "1"]

{[%evp 15,104,-8,-10,-22,-27,-35,1,-17,0,-70,-76,-107,-97,-106,-99,-88,-106,-102,-118,-80,-31,-35,-50,-90,0,-40,-40,-62,-42,-43,-45,-58,-37,-40,-36,-56,-44,-54,-18,-27,-28,-31,-41,-37,-9,-9,-9,-10,0,0,0,0,0,0,0,0,0,0,0,0,0,0,0,0,0,0,0,0,0,0,0,0,0,0,0,0,0,0,0,0,0,0,0,0,0,0,0,0,0,0,0]} 1. d4 Nf6 2. g3 c5 3. d5 b5 4. Bg2 (4. c4 bxc4 5. Nc3 d6 6. Nf3 g6 7. Nd2 Bg7 8. Nxc4 O-O 9. Bg2 Ba6 10. Qa4 Qd7 11. Qxd7 Nbxd7 12. Na5 {1-0 (30) Stupak,K (2562)-Fedorov,A (2576) Minsk 2017}) 4... d6 5. e4 g6 6. Ne2 {A45: Trompowsky Attack} Bg7 7. O-O O-O 8. h3 Nbd7 {LiveBook: 4 Games} 9. f4 Nb6 10. Nd2 $146 ({Predecessor:} 10. c3 Bb7 11. g4 e6 12. g5 Nh5 {0-1 (31) Brumen,D (2341)-Bukal,V (2407) Velika Gorica 2006}) 10... e6 11. dxe6 Bxe6 12. Kh2 (12. g4 $11) 12... Re8 $15 13. Ng1 {[%cal Be2g1,Bg1f3,Bf3e5,Be5d3][%mdl 32]} Bd7 14. Re1 Bc6 15. e5 {[#]} Nfd5 $1 {[%cal Rd6e5]} 16. Ngf3 Qc7 17. exd6 Rxe1 18. Qxe1 Qxd6 {Hoping for ...Nb4.} 19. Ne5 Bb7 (19... Re8 $17 {[%cal Rg7e5]} 20. Ne4 Qc7 21. Nxc6 Qxc6) 20. Ne4 (20. a4 $5) 20... Qe7 21. Qf2 Rc8 22. Bd2 f6 {[%cal Bf7f6,Bf6f5][%mdl 32]} 23. Nd3 {[%cal Re4c5]} c4 24. Ndc5 f5 $1 {[%cal Rf5e4]} 25. Nd6 $1 Qxd6 26. Nxb7 Qe7 27. Ba5 $1 Qxb7 28. Bxb6 $1 Qxb6 29. Bxd5+ Kh8 (29... Kf8 {with more complications.} 30. Qe1 b4 31. Rb1 c3 32. bxc3 Re8) 30. Qxb6 {The position is equal.} axb6 $11 {[%mdl 4096] Endgame KRB-KRB} 31. a4 Bxb2 32. Ra2 Rd8 {[#] Threatens to win with ...Bc3.} 33. Bxc4 Rd2+ 34. Kh1 Rxc2 35. Bxb5 h5 36. h4 Kg7 37. a5 bxa5 38. Rxa5 Bd4 (38... Rc5 $5 39. Ra7+ $8 Kf8 40. Ra8+ Kg7 $11) 39. Ra6 Rc1+ 40. Kg2 Rc2+ 41. Kh1 $1 Rb2 42. Be8 Bb6 43. Ra3 Re2 44. Bb5 Rd2 45. Bc4 Bc5 46. Ra2 Rd1+ (46... Rd4 {feels hotter.} 47. Rc2 Kf6 48. Kg2 Kg7 49. Bb5 Bb6) 47. Kg2 Rg1+ 48. Kh2 Rc1 49. Bd5 Rc3 50. Kg2 Rd3 51. Bf3 Ra3 52. Rxa3 Bxa3 {Precision: White = 79%, Black = 62%.} 1/2-1/2

[Event "XXIV ProAm Copa Clarin 2017"]
[Site "Villa Martelli"]
[Date "2017.10.02"]
[Round "3"]
[White "Hernandez Amura, Gilberto"]
[Black "Dolezal, Cristian"]
[Result "1/2-1/2"]
[WhiteElo "2166"]
[BlackElo "2426"]
[Annotator "TA"]
[PlyCount "88"]
[EventDate "2017.??.??"]
[EventType "swiss"]
[EventCountry "ARG"]
[SourceTitle "playchess.com"]
[Source "ChessBase"]
[SourceQuality "1"]

{[%evp 16,88,25,25,25,23,25,25,25,25,23,19,33,17,53,41,35,38,69,68,53,60,60,70,91,81,116,116,95,55,139,150,125,110,136,105,125,106,154,137,159,154,127,130,164,118,187,189,175,167,282,261,244,150,154,0,157,0,7,0,0,0,0,0,0,0,1170,0,0,0,0,0,0,0,0]} 1. e4 c5 2. Nf3 Nc6 3. Bb5 g6 4. Bxc6 dxc6 5. d3 Bg7 6. h3 Nf6 7. Nc3 Nd7 8. Be3 e5 9. Qd2 h6 {B31: Sicilian: 2...Nc6 3 Bb5 g6} (9... Qe7 10. Bh6 f6 11. Bxg7 Qxg7 12. Nh2 g5 13. Ng4 Nf8 14. Ne3 Ng6 15. a3 Be6 16. b4 Qe7 17. Na4 b6 18. g3 h5 {1-0 (48) Cheparinov,I (2703)-Kveinys,A (2542) Warsaw 2017}) 10. O-O Qe7 11. Nh2 Nf8 {[%cal Bd7f8,Bf8e6,Be6d4][%mdl 32] White has an edge.} 12. f4 exf4 13. Bxf4 Ne6 14. Bg3 Nd4 15. e5 Bf5 16. Rae1 O-O-O 17. Ne4 Bxe4 $1 18. Rxe4 b6 $146 19. a4 Qe6 20. a5 Kb7 21. axb6 axb6 22. b4 cxb4 (22... c4 $14) 23. Qxb4 $16 c5 ({Don't blunder} 23... Nxc2 $2 24. Qc3 $18) 24. Qb1 Rd7 25. Ng4 Ra8 26. Nf6 Rc7 27. c4 Nf5 {[#]} 28. Bh2 $1 Ra6 29. Nd5 Rd7 30. Nf4 Qe8 (30... Qc6 $16) 31. e6 Bd4+ {[#]} 32. Kh1 $1 fxe6 (32... Rd6 {is a better defense.}) 33. Nxe6 $18 ({Weaker is} 33. Rxe6 Re7 $14) 33... Qc8 {And now ...Ra1 would win.} 34. Qb3 Ka7 35. Rfe1 $2 (35. Nxd4 $16 Nxd4 36. Qb1) 35... Qc6 $2 (35... Bf2 $1 $11 36. Rd1 Bg3) 36. Nf8 (36. Nxd4 $16 Nxd4 37. Qb2) 36... Rf7 $11 37. Re6 Qc8 38. Nxg6 Qxe6 39. Rxe6 Ra1+ 40. Bg1 $1 Rxg1+ 41. Kh2 Rh1+ $1 {The position is equal.} 42. Kxh1 Ng3+ 43. Kh2 Nf1+ 44. Kh1 Ng3+ {Precision: White = 71%, Black = 57%.} 1/2-1/2

[Event "XXIV ProAm Copa Clarin 2017"]
[Site "Villa Martelli"]
[Date "2017.10.02"]
[Round "3.7"]
[White "Sukudian, Ruben"]
[Black "Ferrara, Enzo"]
[Result "0-1"]
[WhiteElo "1870"]
[BlackElo "2179"]
[Annotator "TA"]
[PlyCount "90"]
[EventDate "2017.??.??"]
[EventType "swiss"]
[EventCountry "ARG"]
[SourceTitle "playchess.com"]
[Source "ChessBase"]
[SourceQuality "1"]

{[%evp 9,90,0,2,0,4,-5,4,-8,0,-16,-20,-20,-14,-16,-14,-24,-4,-10,0,-2,2,-39,-37,-37,-37,-37,-36,-60,-48,-49,-49,-54,-48,-64,-16,-74,-68,-68,-76,-79,-76,-84,-84,-81,-62,-111,-112,-123,-131,-152,-114,-238,-240,-333,-343,-329,-291,-555,-540,-541,-544,-541,-544,-644,-518,-523,-545,-791,-500,-600,-596,-591,-574,-546,-538,-1316,-275,-275,-247,-1313,-1231,-1123,-352]} 1. d4 e6 2. c4 f5 3. Nc3 Nf6 4. Bg5 Bb4 5. e3 Bxc3+ (5... h6 6. Bxf6 Bxc3+ 7. bxc3 Qxf6 8. Bd3 b6 9. Qf3 Nc6 10. e4 Bb7 11. Ne2 {½-½ (11) Georgiev,V (2579)-Marholev,D (2401) St Eufemia d'Aspromonte 2011}) 6. bxc3 {A85: Dutch Defence: 2 c4 Nf6 3 Nc3} b6 7. Be2 Bb7 8. Bf3 {The position is equal.} Nc6 {[%cal Bb8c6,Bc6a5,Ba5c4][%mdl 32]} 9. Ne2 O-O 10. O-O $146 ({Predecessor:} 10. Rb1 Qc8 11. Ng3 Na5 12. Bxf6 Rxf6 13. c5 bxc5 {1-0 (56) Collier,D (2255)-Pein,M (2424) Birmingham 2002}) 10... Qc8 11. Bxf6 Rxf6 12. Rb1 Na5 {White should prevent ...Bxf3.} 13. Bxb7 Qxb7 14. c5 Qd5 15. cxb6 axb6 16. a4 Nc4 17. Ra1 Qc6 18. Qc2 Ra5 19. Ra2 g5 20. Ng3 Rf8 21. Re1 Rfa8 22. Rea1 (22. e4 $1 $11 {remains equal.}) 22... d5 23. Qd1 Qe8 24. Qc2 h5 25. Nf1 Kg7 26. f3 Qg6 27. Qe2 g4 28. f4 Qe8 29. Qc2 R8a7 30. g3 (30. Qf2 $17) 30... Qa8 $19 31. Qb3 {[#]} b5 $1 {[%mdl 512]} 32. Qb4 (32. axb5 Rxa2) 32... Nd6 {[%cal Ra5a4]} 33. Nd2 $2 (33. Qc5) 33... Rxa4 34. Rxa4 Rxa4 35. Rxa4 bxa4 ({Not} 35... Qxa4 36. Qc5 $17) 36. Qa3 Kf7 37. Kf2 Qa6 {And now ...Qd3 would win.} 38. Qc5 Qb6 39. Qa3 Qb5 40. Ke1 Ke7 41. Kd1 Qd3 {...Kd8 is the strong threat.} 42. Qxa4 Qxe3 $2 {[#]} (42... Nc4 {[%csl Gc4][%cal Rd3d2]} 43. Qa2 Kf6) 43. Qc6 Kd8 {Hoping for ...Qg1+.} 44. Nb3 $2 (44. Qa8+ Nc8 45. Qa6) 44... Qd3+ 45. Kc1 Nc4 $2 {Precision: White = 30%, Black = 68%.} (45... Qf1+ 46. Kc2 Qe2+ 47. Kb1 Qe4+ 48. Kc1 Qe1+ 49. Kc2 Nc4 50. Qa8+ Ke7) 0-1

[Event "XXIV ProAm Copa Clarin 2017"]
[Site "Villa Martelli"]
[Date "2017.10.02"]
[Round "3.8"]
[White "Longhitano, Juan"]
[Black "Godoy, Luciano"]
[Result "0-1"]
[WhiteElo "1531"]
[BlackElo "2105"]
[Annotator "TA"]
[PlyCount "62"]
[EventDate "2017.??.??"]
[EventType "swiss"]
[EventCountry "ARG"]
[SourceTitle "playchess.com"]
[Source "ChessBase"]
[SourceQuality "1"]

{[%evp 13,62,16,6,-6,15,-8,-10,0,53,37,37,0,26,-12,-16,-26,-12,-29,-39,-52,-44,-107,-112,-125,-127,-167,-168,-147,-140,-170,-160,-195,-132,-178,-73,-77,-44,-275,-262,-657,-671,-641,-664,-624,-631,-1172,-1139,-1135,-965,-2948,-905]} 1. e4 e6 2. Nf3 c5 3. d4 cxd4 4. Nxd4 Qb6 5. Nb3 Qc7 6. Nc3 a6 7. Be3 {B40: Sicilian: 2...e6, Unusual lines} (7. Bd3 Nf6 8. f4 d6 9. Qf3 Nbd7 10. g4 h6 11. Bd2 b5 12. h4 h5 13. g5 Ng4 14. O-O-O Bb7 15. Kb1 b4 16. Ne2 Qb6 17. Nbd4 {1-0 (36) Guliyev,N (2690)-Bauer,C (2740) Le Port Marly 2012}) 7... b5 {LiveBook: 4 Games} 8. Be2 Bb7 9. f3 {The position is equal.} Nf6 10. Qd2 Bb4 $146 (10... Be7 $11) ({Predecessor:} 10... d5 11. exd5 Nxd5 12. Nxd5 Bxd5 13. Bf4 Qd7 14. O-O Nc6 {0-1 (55) Gora,A (1820)-Murawko,K (1904) Olsztyn 2013}) 11. a3 Be7 $1 12. O-O d6 (12... O-O {with more complications.} 13. Bf2 d5 14. Bg3 Qb6+ 15. Bf2 Qc7) 13. Kh1 (13. a4 $5 {[%cal Ra4b5]} b4 14. Na2 $11) 13... Nbd7 {[%cal Bb8d7,Bd7e5,Be5c4][%mdl 32]} 14. Rad1 Ne5 15. Bf4 O-O 16. Nc1 Rfd8 17. Nd3 (17. h3 $15) 17... Nc4 $17 18. Qe1 Rac8 19. Bd2 {[#]} d5 $1 20. e5 Nxe5 {And now ...Nc4 would win.} 21. Nxe5 Qxe5 22. Bd3 Qh5 ({Better is} 22... Nd7 $19 23. Rb1 h6) 23. Bf4 b4 (23... Nd7 $19 {has better winning chances.} 24. Ne2 Nc5) 24. Ne2 bxa3 25. g4 $2 {[#]} (25. Ng3 $1 $15 Qh4 26. Nf5 Qxe1 27. Nxe7+ Kf8 28. Rfxe1 Kxe7 29. bxa3) 25... Nxg4 $1 $19 {Hoping for ...d4.} 26. fxg4 $2 (26. Nd4 Nf6 27. bxa3) 26... d4+ {Black is clearly winning.} 27. Kg1 Qd5 {[%csl Gb7][%cal Rd5g2]} 28. Qg3 {[#]} Bh4 $1 {[%mdl 512]} 29. c4 (29. Qxh4 Qg2#) 29... Qh1+ ({Weaker is} 29... Bxg3 30. cxd5 Bxf4 31. Nxf4 $17) 30. Kf2 Bxg3+ 31. Kxg3 Qg2+ {Precision: White = 21%, Black = 52%.} 0-1

[Event "XXIV ProAm Copa Clarin 2017"]
[Site "Villa Martelli"]
[Date "2017.10.02"]
[Round "3.9"]
[White "Mosconi, Ariel"]
[Black "Gras, Carlos"]
[Result "1-0"]
[WhiteElo "2077"]
[BlackElo "1908"]
[Annotator "NA RC"]
[PlyCount "71"]
[EventDate "2017.??.??"]
[EventType "swiss"]
[EventCountry "ARG"]
[SourceTitle "playchess.com"]
[Source "ChessBase"]
[SourceQuality "1"]
[TimeControl "5400+30"]

1. c4 Nf6 2. Nc3 d5 3. cxd5 Nxd5 4. Nf3 g6 5. Qa4+ c6 6. Qd4 f6 7. e4 Nxc3 8. Qxc3 Qd6 9. Bc4 Be6 10. O-O Bxc4 11. Qxc4 Nd7 12. d4 e6 13. Bd2 Be7 14. a3 Nb6 15. Qe2 O-O 16. Rfe1 Rae8 17. Rac1 Qd7 18. h4 f5 19. Bh6 Rf7 20. Ne5 Qxd4 21. Nxf7 Kxf7 22. exf5 Bxh4 23. fxe6+ Kg8 24. Rcd1 Qc5 25. Be3 Qf5 26. Bxb6 axb6 27. Rd7 Be7 28. Rxb7 Kf8 29. b4 b5 30. Qe3 Qf6 31. Qe4 Qc3 32. g3 Bf6 33. Re3 Qc1+ 34. Kg2 Qc4 35. Qxc4 bxc4 36. Rf7+ 1-0

[Event "XXIV ProAm Copa Clarin 2017"]
[Site "Villa Martelli"]
[Date "2017.10.02"]
[Round "3.11"]
[White "Costa, Fernando De Souza"]
[Black "Axarlian, Carlos"]
[Result "1/2-1/2"]
[WhiteElo "2000"]
[BlackElo "2006"]
[Annotator "NA RC"]
[PlyCount "54"]
[EventDate "2017.??.??"]
[EventType "swiss"]
[EventCountry "ARG"]
[SourceTitle "playchess.com"]
[Source "ChessBase"]
[SourceQuality "1"]
[TimeControl "5400+30"]

1. e4 c5 2. Nf3 d6 3. d4 cxd4 4. Nxd4 Nf6 5. Nc3 a6 6. Be2 e5 7. Nb3 Be7 8. O-O Nbd7 9. a4 b6 10. Be3 Bb7 11. Qd3 O-O 12. Rad1 Rc8 13. Bf3 Re8 14. Rfe1 Bf8 15. Bc1 Qc7 16. Qf1 Qb8 17. g4 h6 18. h4 Nc5 19. Nxc5 Rxc5 20. g5 hxg5 21. hxg5 Nd7 22. Qh3 Rxc3 23. bxc3 Nc5 24. Kg2 g6 25. Ba3 Ne6 26. Qh4 Rd8 27. Bg4 Nf4+ 1/2-1/2

[Event "XXIV ProAm Copa Clarin 2017"]
[Site "Villa Martelli"]
[Date "2017.10.02"]
[Round "3.12"]
[White "Koch, Juan"]
[Black "Valerga, Diego"]
[Result "0-1"]
[WhiteElo "1979"]
[BlackElo "2452"]
[Annotator "TA"]
[PlyCount "88"]
[EventDate "2017.??.??"]
[EventType "swiss"]
[EventCountry "ARG"]
[SourceTitle "playchess.com"]
[Source "ChessBase"]
[SourceQuality "1"]

{[%evp 23,88,8,40,8,7,0,0,-1,25,14,22,-9,-4,-5,-15,-12,-4,-20,-10,-10,-12,-41,-43,-88,-77,-121,-100,-160,-160,-150,-150,-141,-143,-170,-144,-196,-196,-276,-262,-280,-262,-305,-303,-277,-270,-242,-240,-333,-372,-343,-342,-655,-548,-548,-526,-463,-413,-749,-714,-1068,-966,-5313,-5306,-5306,-4439,-29996,-29997]} 1. c4 Nf6 2. Nf3 e6 3. d4 d5 4. Nc3 Bb4 5. e3 O-O 6. Bd3 c5 7. O-O Nc6 8. a3 Bxc3 9. bxc3 Qc7 10. Qc2 dxc4 11. Bxc4 e5 12. Bd3 Bg4 {LiveBook: 16 Partien} 13. Ng5 {[%cal Rd3h7] E59: Nimzoindisch (Moderne Variante)} h6 14. Ne4 Nxe4 15. Bxe4 {Die Stellung ist ausgeglichen.} exd4 (15... Rad8 16. d5 Ne7 17. f3 Bh5 18. c4 Bg6 {0-1 (50) Barath,M (2290)-Shevchenko,K (2453) Neustadt an der Weinstrasse 2017}) 16. cxd4 cxd4 17. Bxc6 $146 ({Vorgänger:} 17. exd4 Qd6 18. Bxc6 Qxc6 19. Qxc6 bxc6 20. Be3 Be6 {½-½ (20) Flohr,S-Taimanov,M Kiev 1954}) 17... bxc6 18. exd4 Be6 19. Be3 Bd5 20. Qf5 Rfe8 {[%cal Bf8e8,Be8e6,Be6d6][%mdl 32]} 21. Rfe1 Qa5 22. Rec1 Re6 23. Rc5 Qd8 24. Qh5 Qe7 25. Rxd5 (25. Rc3 $142) 25... cxd5 $17 26. Qxd5 Rc8 27. h3 Rd6 28. Qa5 Qb7 $40 {[%mdl 128] Weiss ist in Schwierigkeiten.} 29. Qd2 (29. Kh2 $17 {war angesagt.}) 29... Qd5 $19 30. Rc1 (30. Qd1 $142) 30... Rxc1+ 31. Qxc1 {[%mdl 4096] Endspiel KDT-KDL} Rg6 {[%csl Gg6][%cal Rd5g2] [#]} 32. g3 Rc6 33. Qd2 Rb6 {Droht stark ...Tb1+.} 34. Qc2 Rb3 35. Qc8+ Kh7 36. Qc2+ g6 37. Bc1 $2 (37. a4) 37... a5 38. Kh2 a4 39. Qd2 h5 40. Qf4 (40. h4 $142) 40... Kg8 41. Qd2 {[#]} h4 $1 {[%mdl 512]} 42. Qf4 (42. gxh4 Qf3) 42... hxg3+ 43. fxg3 Rd3 44. Qe5 Qa2+ {Precision: Weiß = 20%, Schwarz = 85%.} 0-1